| 000 | 01032cam a2200217 4500 | ||
|---|---|---|---|
| 001 | ##L129290 | ||
| 008 | 050408n1999 000 0 eng u | ||
| 020 | _a0112710417 | ||
| 035 | _a(Sirsi) u129290 | ||
| 041 | 0 | _aeng | |
| 050 | 0 | 4 |
_a725.54 _c18 |
| 110 | 1 |
_aUnited Kingdom _bDepartment for Education and Employment: Architects and Building Branch _94851 |
|
| 245 | 0 | 0 | _aLighting design for schools |
| 260 |
_aLondon _bTSO _c1999 |
||
| 300 |
_a81p. _c30cm. |
||
| 350 | _a22.95 | ||
| 490 |
_aDfEE Building Bulletin _v90 |
||
| 520 | _aGuides architects and engineers through the process of lighting design in the recommended constructional standards for schools and the variouis types of spaces and activities found in schools. Covers the components of lighting design, lighting options, lighting design guidance, lighting for particular applications and a check-list for lighting design. Glossary. Bibliography. | ||
| 690 | _aBUILT ENVIRONMENT-BUILDING TYPES-EDUCATIONAL, SCIENTIFIC AND INFORMATION FACILITIES | ||
| 942 | _n0 | ||
| 999 |
_c104136 _d104136 |
||